| 000 | 00514nam a2200133Ia 4500 | ||
|---|---|---|---|
| 008 | 171212s9999 xx 000 0 und d | ||
| 020 | _a9780874211979 | ||
| 100 | _aGould, William | ||
| 245 |
_cGould, William _aMy Life On Mountain Railroads |
||
| 260 |
_bUniversity Press of Colorado _c1995 |
||
| 650 | _aGould, William John Gilbert, 1888–1961; Mountain railroads -- Utah -- History; Mountain railroads -- Utah -- Employees -- Biography | ||
| 650 | _aHistory | ||
| 856 | _uhttp://www.jstor.org/stable/j.ctt46nx2h | ||
| 999 |
_c353118 _d353118 |
||